00858nam a2200217Ia 4500003000900000008004100009040001600050080002300066111008900089245013600178260003500314300001000349650003600359650002300395650001900418700002600437710002800463942000700491999001500498952012700513IN-BaIIA211028s9999 xx 000 0 eng d cIIA Library a535.37(082.1)bLIM aInternational Conference on Molecular LuminescencecChicagod1968 Aug. 20-2395858 0aMolecular luminescencebproceedings of the international conference held at Chicago, U S A, 20-23 August 1968cedited by E. C. Lim  aNew YorkbW. A. Benjaminc1969 a910p. aLight - visible radiation92024 aLuminescence95859 aNASA thesaurus aLim, E. C., ed.95860 aLoyola University95861 cBK c3294d3294 00104070aBANbBANcGENd1969-09-23g202.50l0o535.37(082.1)/ LIMp3658r2021-11-05v202.50w1969-09-23yBKGRs. 202.50